| 000 | 00614 a2200157 4500 | ||
|---|---|---|---|
| 003 | Nust | ||
| 005 | 20230120124047.0 | ||
| 040 | _cNust | ||
| 082 | _a808.82,THE | ||
| 245 |
_aThe Faber Book of Modern Verse / _c Edit :Michael Roberts |
||
| 260 |
_aLondon _bFaber & Faber |
||
| 300 | _a352:p | ||
| 505 | _aIntroduction (Page-1), Poetry (Page-37), Gerard Manley Hopkins (Page-39), W. B. Yeats (Page-61), Antumn (Page-77), Near Perigord (Page-79), Sweeney Among the Nightingales (Page-98), Harold Monro (Page-126), Conrad Aiken (Page-131), Wallace Stevens (Page-146). | ||
| 650 |
_aDrama _9107240 |
||
| 942 |
_2ddc _cBK |
||
| 999 |
_c186922 _d186922 |
||